| 000 | 00620nam a2200181Ia 4500 | ||
|---|---|---|---|
| 008 | 151018s9999 xx 000 0 und d | ||
| 082 |
_bRBASDV52934 _a891.463 |
||
| 100 | _aरसिका विठ्ठल देशमुख | ||
| 245 | _aआल्हाद आई आणि | ||
| 250 | _b1 | ||
| 260 |
_bसंस्कृती _c2010 |
||
| 300 | _a59 | ||
| 600 | _aरसिका विठ्ठल देशमुख | ||
| 630 | _aआल्हाद आई आणि | ||
| 700 | _aरसिका विठ्ठल देशमुख | ||
| 730 | _aआल्हाद आई आणि | ||
| 942 | _cBOOK | ||
| 999 |
_c1051244 _d1051241 |
||